000 00598nam a22001817a 4500
005 20251108173220.0
008 250721s2004 xx 000 0 ara d
082 1 4 _aط/551.483/دائ
245 1 0 _aموسوعة الأرض المبسطة : الأنهار و البحيرات /
264 1 _aبيروت :
_bمكتبة لبنان،
_c2004.
300 _a32ص
650 1 7 _aالانهار
650 1 7 _aالبحيرات
653 _aمرحلة ناشؤون صغار (10-14) سنة
710 2 _aدائرة الترجمة وانشر-مكتبة لبنان
942 _2ddc
_cBK
999 _c98718
_d98718